Missing Word: '90s Song Titles III Quiz Stats

 Plays Quiz Updated Aug 2, 2017

Support Sporcle.
Go Orange.
Score 0/20 Timer 03:00
0 Plays Today
Song Missing Word % Correct
Achy Breaky _____Heart
97.2%
Whoomp! (_____ It Is!)There
80.5%
A ____ Like YouGirl
74%
_____ SandmanEnter
71.3%
No _____Scrubs
63.5%
_____ AroundJump
62.4%
Walkin' on the _____Sun
60%
Good _____ (Time of Your Life)Riddance
56.3%
I _____ a Girl Kissed
50.8%
Out of My _____Head
45.3%
Song Missing Word % Correct
Virtual _____Insanity
40.9%
The _____ DanceHumpty
30.7%
If I Only Had a _____Brain
29.2%
Self _____Esteem
27.5%
Santa _____Monica
22.9%
New _____ GirlAge
17.2%
The Old _____Apartment
15.4%
_____ All These Years Silent
9.7%
Lucas With the _____ OffLid
8.8%
_____ You AreWhoever
4.8%

Today's Daily Dose

Word Ladder
New Dimensions!

Quick Pick
'Animal' Fish

Get the Picture
Bird or Food?

You're not logged in!

Compare scores with friends on all Sporcle quizzes.
OR
Log In
Forgot?

From the Vault

TV Show Characters (1950s)

by lolshortee

Does IMDb even go back that far?
Remove Ads.
Support Sporcle.
Get the best of Sporcle when you Go Orange. This ad-free experience offers more features, more stats, and more fun while also helping to support Sporcle. Thank you for becoming a member.

Show Comments

Extras

Top Quizzes Today


Score Distribution

Your Account Isn't Verified!

In order to create a playlist on Sporcle, you need to verify the email address you used during registration. Go to your Sporcle Settings to finish the process.

Report this User

Report this user for behavior that violates our Community Guidelines.

Details: